Responses for Show #7854 - Thursday, November 1, 2018

Contestants

[<< previous game]

Kathleen Nance, a writer and retired pharmacist from Zirconia, North Carolina

Jeff Catanese, a theater director from Asheville, North Carolina

Emily Frey, a professor from Swarthmore, Pennsylvania (whose 2-day cash winnings total $48,902)

[next game >>]

Jeopardy! Round responses

THE MINOR LEAGUES
BRAND NAME VARIATIONS
THE DECLARATION OF RIGHTS FOR WOMEN
Q THE MAP
A DOCTOR IN THE HOUSE... OR SENATE
WORDS FROM ROMAN NUMERALS
(Alex: Words that can made from what, "I", "V", "X", "L", "D", "C" and "M".)
    $200 12
home runs

Jeff
    $200 5
mayonnaise

Jeff
    $200 10
Susan B. Anthony

Emily
    $200 1
the Potomac

Kathleen
    $200 26
Paul

Emily
    $200 2
lid

Emily
    $400 13
the (Los Angeles) Kings

Emily
    $400 6
Burger King

Emily
    $400 22
Abigail Adams

Emily
    $400 7
Queensland

Jeff
    $400 27
the Affordable Care Act

Emily
    $400 3
vivid

Triple Stumper
    $600 19
Triple A

Jeff
    $600 8
DiGiorno

Emily
    $600 23
pay

Emily
    $600 9
Qatar

Kathleen
    $800 28
[The end-of-round signal sounds.]

a dentist

Emily
    $600 4
mix

Jeff
    $800 20
the NBA

Triple Stumper
    $800 16
Dreyer's

Triple Stumper
    $800 24
(Alex: Less than a minute now.)

suffrage

Jeff
    $800 11
the Yucatán Peninsula

Jeff
    $800 17
the id

Emily
    $1000 21
Tucson

Triple Stumper
    $1000 15
light

Emily
    $1000 25
their peers

Emily
    $1000 14
Rommel

Jeff
    $1000 18
midi

Kathleen

Scores at the first commercial break (after clue 15):

Emily Jeff Kathleen
$2,800 $3,200 $800

Scores at the end of the Jeopardy! Round:

Emily Jeff Kathleen
$7,000 $4,600 $1,800

Double Jeopardy! Round responses

THE BIG LEAGUES
TV TITLE TOWNS
BEFORE & AFTER
FLOWERS
WRITERS' OTHER GIGS
NATIONAL GEOGRAPHIC ALMANAC 2019
(Cara Santa Maria: I'm Cara Santa Maria, quizmaster of the 2019 National Geographic Almanac, here with some of its spectactular photos and fascinating facts.)
    $400 18
France

Jeff
    $400 19
Philadelphia

Emily
    $400 6
Trivial Pursuit of happiness

Emily
    $400 1
(Emily: What is the cherry blossom?)
(Jeff: What is a lotus?)

a chrysanthemum

EmilyJeffKathleen
    $400 25
James Joyce

Emily
    $400 30
(Alex: I want to thank Cara Santa Maria for helping us out with those clues. And by the way, the almanac is available now.)

the Milky Way

Jeff
    $1,000 17
the League of Nations

Emily
    $800 20
Chicago

Emily
    $800 7
square root canal

Emily
    $800 2
a daisy

Emily
    $800 24
cars

Triple Stumper
    $800 27
(Emily: What is an Arctic seal?)

a harp seal

EmilyJeff
    $1200 16
the North Sea (or the Baltic)

Emily
    $1200 21
Boston

Emily
    $1200 8
intentional Walk of Fame

Jeff
    $1200 3
violet

Emily
    $1200 11
Zane Grey

Jeff
    $1200 26
Buddhism

Triple Stumper
    $1600 15
(Emily: What is the Arabian Peninsula?)

the Peloponnesian Peninsula

Emily
Triple Stumper
    $1600 22
Berlin

Jeff
    $1600 9
a Moscow Mule train

Emily
    $1600 4
an orchid

Emily
    $4,600 12
(Jeff: Who is Grisham?)

Scott Turow

Jeff
    $1600 28
Florida

Jeff
    $2000 14
the Urban League

Triple Stumper
    $2000 23
Deadwood

Jeff
    $2000 10
charity begins at Home Depot

Triple Stumper
    $2000 5
(Jeff: What is a calla lily?)

the Madonna lily

Jeff
Triple Stumper
    $2000 13
Portland, Oregon

Triple Stumper
    $2000 29
hydrothermal vents

Triple Stumper

Scores at the end of the Double Jeopardy! Round:

Emily Jeff Kathleen
$15,600 $6,800 $2,200
(lock game)

[wagering suggestions for these scores]

Final Jeopardy! Round responses

HISTORIC GEOGRAPHY
KathleenWhat is the Danube and the Rhine?
$2,195
JeffWhat are the Rhone + Rhine?
$0
EmilyWhat are the Rhine + the Elbe?
$1,999
the Danube and the Rhine

Final scores:

Emily Jeff Kathleen
$13,601 $6,800 $4,395
3-day champion: $62,503 2nd place: $2,000 3rd place: $1,000

Game dynamics:

Coryat scores:

Emily Jeff Kathleen
$15,200 $11,400 $2,200
25 R
(including 2 DDs),
3 W
16 R,
3 W
(including 1 DD)
4 R,
0 W

Combined Coryat: $28,800

[game clues] [game scores] [suggest correction]

Game tape date: 2018-08-22
The J! Archive is created by fans, for fans. Scraping, republication, monetization, and malicious use prohibited; this site may use cookies and collect identifying information. See terms. The Jeopardy! game show and all elements thereof, including but not limited to copyright and trademark thereto, are the property of Jeopardy Productions, Inc. and are protected under law. This website is not affiliated with, sponsored by, or operated by Jeopardy Productions, Inc. Join the discussion at JBoard.tv.